00525cam a22001574a 4500020002200000020002500022082001300047245009200060250001200152260005200164300002700216504005100243650002600294650002600320700002100346 a0415572126 (pbk.) a9780203135495 (ebk.)00a363.705600aPolitics and the environment :bfrom theory to practice /cJames Connelly ... [et al.]. a3rd ed. aAbingdon, Oxon ;aNew York :bRoutledge,c2012. axvii, 418 p. ;c25 cm. aIncludes bibliographical references and index. 0aEnvironmental policy. 0aEnvironmental ethics.1 aConnelly, James.